00289nam a2200121Ia 4500003000400000005001700004008004100021020001800062040002000080100001800100245002400118260002500142OSt20240110114217.0170524s9999 xx 000 0 und d a9788189612078 cIIMT UNIVERSITY aDAS- BHAGVAAN 0aSAMACHARO KI DUNIYA bOMEGA PUB. NEW DELHI